000
00327 a2200157 4500
001
168526
020
_a
040
_c
Magnum
100
_a
Olson, David R.
240
1
0
_a
Cultura escrita e oralidade
_l
por
245
1
0
_a
Cultura escrita e oralidade
362
0
_a
1899
440
1
_a
Ática
697
_a
GERAL
942
_c
BK
999
_c
168526
_d
168526